Readings in mass communication, concepts and issues in the mass media

Bibliographic Details
Main Authors: Emery, Michael (Author), Smythe, Ted Curtis (Author)
Format: Book
Language:English
Published: Iowa : WMC. Brown 1983
Edition:Fifth Edition
Subjects:

MARC

LEADER 00000cam a2200000 7i4500
001 0000001780
005 20240924.0
008 991126 iaua eng
020 |a 0697042154 (pbk) 
040 |a INS   |b eng   |e rda 
090 0 0 |a P87   |b .E4 1983 
100 1 |a Emery, Michael ,   |e author 
245 1 0 |a Readings in mass communication, concepts and issues in the mass media   |c Michael Emery, Ted Curtis Smythe 
250 |a Fifth Edition 
264 1 |a Iowa :   |b WMC. Brown   |c 1983 
264 4 |c ©1983 
300 |a xvii, 549 pages :   |b illustrations ;   |c 23 cm. 
336 |a text  |2 rdacontent 
337 |a unmediated  |2 rdamedia 
338 |a volume  |2 rdacarrier 
500 |a Includes index 
650 0 |a Mass media 
700 1 |a Smythe, Ted Curtis ,   |e author 
999 |a 0000003763   |b BOOK   |c Open Shelf   |e Default branch